Представление документа в формате RUSMARC

ПолеНазваниеЗначение
  Тип записи a
  Библиографический уровень a
001 Контрольный номер RU/CBS_UL/BASE/7acd91d97e56466086de8a9559eaab79
005 Дата корректировки 20250124031007.3
100 Данные общей обработки __
a Данные общей обработки 20241224 ||| 0rusy0189 ca
101 Язык документа 0_
a Язык текста rus
102 Страна публикации __
a Страна публикации RU
200 Заглавие и сведения об ответственности 1_
a Заглавие Легенда тренерского цеха в Ульяновске
e Сведения, относящиеся к заглавию [интервью с заслуженным тренером страны по лыжным гонкам А. А. Грушиным]
f Первые сведения об ответственности А. А. Грушин
g Последующие сведения об ответственности бесед. Ю. Ощепков
300 Общие примечания __
a Общие примечания 6+
461 Уровень набора _0
1 2000
a Чемпион
463 Уровень физической единицы _0
1 2000
a № 43
v С. 8 : фото
1 2101
d 2024
1 001RU/CBS_UL/BASE/03825db11fa3477393c72354bb80b44c
600 Персоналии _1
a Персоналии (Фамилия) Грушин
b Персоналии (Имя, инициалы) А. А.
606 Тематические рубрики 0_
a Основная рубрика Лыжный спорт - Российская Федерация - Тренеры
610 Ключевые слова 0_
a Ключевые слова лыжный спорт
610 Ключевые слова 0_
a Ключевые слова тренеры по лыжному спорту
610 Ключевые слова 0_
a Ключевые слова тренерская работа
610 Ключевые слова 0_
a Ключевые слова лыжницы
686 Индексы других классификаций __
2 Код системы rubbk
a Классификационный индекс 75.719.5
700 Автор _1
a Фамилия Грушин
b Имя (инициалы) А. А.
801 Источник записи _0
a Страна RU
b Организация МБУК ЦБС г. Ульяновска
c Дата составления 20241224
g Правила каталогизации RCR
801 Источник записи _1
a Страна RU
b Организация МБУК ЦБС г. Ульяновска
c Дата составления 20241224
g Правила каталогизации RCR
901 Тип документа __
t Тип документа f
w Контрольный № источника RU/CBS_UL/BASE/03825db11fa3477393c72354bb80b44c
909 Создатель записи __
a Создатель записи lib2